Statistics for Word Search: Countries

Click here to take the quiz!

General Stats

  • This quiz has been taken 75 times
  • The average score is 12 of 20

Answer Stats

Hintww Answer % Correct
wwSudan
85%
wwSlovakia
80%
wwwMarshall Islands
80%
wwwGuyana
79%
wwFinland
70%
wwCuba
68%
wRomania
62%
wwwPalau
61%
wwTaiwan
61%
wwLithuania
59%
wYemen
58%
wwUganda
55%
wwwMozambique
53%
wLaos
50%
wIreland
45%
wJordan
45%
wwGermany
41%
wwwAlgeria
39%
wwBhutan
39%
wwwGeorgia
36%

Score Distribution

Percentile by Number Answered

Percent of People with Each Score

Your Score History

You have not taken this quiz